Normal view
MARC view
- Devashree Patwardhan - 2k171145 & Dr. Jyoti Gaikwad - Guide
Entry Personal Name
001 - CONTROL NUMBER
- control field: 104961
003 - CONTROL NUMBER IDENTIFIER
- control field: OSt
005 - DATE AND TIME OF LATEST TRANSACTION
- control field: 20221007221225.0
008 - FIXED-LENGTH DATA ELEMENTS
- fixed length control field: 221007|| aca||aabn | a|a d
040 ## - CATALOGING SOURCE
- Original cataloging agency: OSt
- Transcribing agency: OSt
100 ## - HEADING--PERSONAL NAME
- Personal name: Devashree Patwardhan - 2k171145 & Dr. Jyoti Gaikwad - Guide
670 ## - SOURCE DATA FOUND
- Source citation: Work cat.: (OSt)78082: Devashree Patwardhan - 2k171145 & Dr. Jyoti Gaikwad - Guide, A Study Of Consumer Buying Behaviour Towards 3 Wheeler Cargo Vehicles, 2018